000 00704nam a2200253 a 4500
001 nice12345678
003 IN_TiNIC
005 20260116013339.0
008 050524s1984 goaa grp 000 0 eng
020 _a8190022
_c150
082 0 0 _a500.80297
_bSAR1
100 _aSardar, Ziauddin
245 _aTouch of Midas
_b Science, Values and Environment in Islam and West
260 _aGoa
_bOther India Press
_c1984
300 _a2534p
500 _aincludes index and biblioraphy
505 2 _aBibliography, Sources, Glossary, Abbreviations
650 _aEcology-Islam
650 _aIslam and Science
700 1 _aSardar, Ziauddin
902 _bSRS
942 _cBK
999 _c10649
_d10649